Manual de prácticas investigación biomédica : (Registro nro. 12740)

Detalles MARC
000 -LEADER
fixed length control field 00828nam a22002297a 4500
003 - CONTROL NUMBER IDENTIFIER
control field DO-SdBNP
005 - DATE AND TIME OF LATEST TRANSACTION
control field 20180213151320.0
008 - FIXED-LENGTH DATA ELEMENTS--GENERAL INFORMATION
fixed length control field 171101b 2006 dr |||| |||| 00| 0 spa d
020 ## - INTERNATIONAL STANDARD BOOK NUMBER
International Standard Book Number 9789993479963
040 ## - CATALOGING SOURCE
Original cataloging agency BPMSU
Language of cataloging spa
Transcribing agency BPMSU
100 1# - MAIN ENTRY--PERSONAL NAME
Personal name Gómez Montero, Franklín J.
245 10 - TITLE STATEMENT
Title Manual de prácticas investigación biomédica :
Remainder of title en el contexto post-moderno /
Statement of responsibility, etc. Franklín J. Gómez Montero, Manuel E. Colome Hidalgo, Héctor A. Madera Rosario
260 ## - PUBLICATION, DISTRIBUTION, ETC. (IMPRINT)
Place of publication, distribution, etc. Santo Domingo :
Name of publisher, distributor, etc. Búho,
Date of publication, distribution, etc. 2006.
300 ## - PHYSICAL DESCRIPTION
Extent 98 p. ;
Dimensions 26 cm.
500 ## - GENERAL NOTE
General note La biblioteca posee la primera reimpresión del 2015.
504 ## - BIBLIOGRAPHY, ETC. NOTE
Bibliography, etc Bibliografía : p. 97
700 1# - ADDED ENTRY--PERSONAL NAME
Personal name Colomé Hidalgo, Manuel E.
700 1# - ADDED ENTRY--PERSONAL NAME
Personal name Madera Rosario, Héctor A.
942 ## - ADDED ENTRY ELEMENTS (KOHA)
Source of classification or shelving scheme Dewey Decimal Classification
Koha item type Libros
945 ## - LOCAL PROCESSING INFORMATION (OCLC)
a Inventariado, 2018 /LP
956 ## - LOCAL ELECTRONIC LOCATION AND ACCESS (OCLC)
Host name BTAVAREZ
Access number 10
Compression information 20170111
Path 0038
Existencias
Withdrawn status Lost status Source of classification or shelving scheme Damaged status Not for loan Collection code Home library Current library Date acquired Source of acquisition Total Checkouts Barcode Date last seen Price effective from Koha item type Copy number
    Dewey Decimal Classification     Colección Dominicana Biblioteca Pública Metropolitana Salomé Ureña Biblioteca Pública Metropolitana Salomé Ureña 11/01/2017 BÚHO   BPMSU17110005 11/01/2017 11/01/2017 Libros  
    Dewey Decimal Classification     Colección Dominicana Biblioteca Pública Metropolitana Salomé Ureña Biblioteca Pública Metropolitana Salomé Ureña 11/01/2017 BÚHO   BPMSU17110006 11/01/2017 11/01/2017 Libros ej. 2
    Dewey Decimal Classification     Colección Dominicana Biblioteca Pública Metropolitana Salomé Ureña Biblioteca Pública Metropolitana Salomé Ureña 11/01/2017 FUNDI   BPMSU17110007 11/01/2017 11/01/2017 Libros ej. 3